| 000 | 00800nam a2200229 a 4500 | ||
|---|---|---|---|
| 005 | 20180803165050.0 | ||
| 008 | 140310b1998 ck |||||rm||| 00| 0 spa d | ||
| 040 |
_aCO-BoIAVH _cCO-BoIAVH |
||
| 041 | _aspa | ||
| 044 | _ack | ||
| 090 |
_aTE _b0087 |
||
| 100 | _aUmaña Villaveces, Ana María | ||
| 245 | _aEfecto de barrera causado por el corredor de servidumbre de una línea de transmisión eléctrica de alta tensión, sobre algunas especies de aves del sotobosque | ||
| 260 |
_aBogotá _bUniversidad de los Andes. Facultad de Ciencias _c1998 |
||
| 300 | _a82 p. | ||
| 650 | _aAves | ||
| 650 | _aFragmentación de hábitat | ||
| 650 | _aEcología animal | ||
| 650 | _aImpacto ambiental | ||
| 662 |
_aColombia _dSan Rafael _bAntioquia |
||
| 942 |
_cTESIS _2z |
||
| 999 |
_c3089 _d3089 |
||